000 01143nam0a22002651 4500
001 rc\1024685
005 20260407103620.0
035 _a(NLR Aleph) 006188937
090 _a6145463
_c6145463
100 _a20041129d1981 |||y0rusy50 ca
101 0 _arus
102 _aRU
105 _aa |||||||||
200 1 _aПолупроводниковые преобразователи
_eТемат. сб. науч. тр.
_fМ-во высш. и сред. спец. образования АзССР, Азерб. политехн. ин-т им. Ч. Ильдрыма
_g[Редкол.: Абдулаев А.А. (отв. ред.) и др.]
210 _aБаку
_cБ. и.
_d1981
215 _a129 с.
_cил.
_d21
300 _aПарал. загл. на азерб. яз.
320 _aБиблиогр. в конце статей
702 1 _aАбдулаев
_bА.А.
_4340
712 0 2 _aАзербайджанский политехнический институт им. Ч. Ильдрыма
_cБаку
_3RU\NLR\AUTH\889932689
_9360637
801 0 _aRU
_bNLR
_gpsbo
801 1 _aRU
_bELAR
_2rusmarc
852 _aNLR
_j82-3/8083
942 _cBOOK
980 _aNB